<?xml version="1.0" encoding="UTF-8"?>
<marc:record xmlns:marc="http://www.loc.gov/MARC21/slim">
   <marc:leader>00000nam a2200000 a 4500</marc:leader>
   <marc:datafield ind1="1" ind2=" " tag="100">
      <marc:subfield code="a">Lippmann, Eric D.</marc:subfield>
      <marc:subfield code="4">aut</marc:subfield>
      <marc:subfield code="e">Verfasser/-in</marc:subfield>
   </marc:datafield>
   <marc:datafield ind1=" " ind2=" " tag="653">
      <marc:subfield code="a">Führungskräfteentwicklung</marc:subfield>
   </marc:datafield>
   <marc:datafield ind1=" " ind2=" " tag="653">
      <marc:subfield code="a">lösungsorientierte Beratung</marc:subfield>
   </marc:datafield>
   <marc:datafield ind1=" " ind2=" " tag="653">
      <marc:subfield code="a">kollegiale Beratung</marc:subfield>
   </marc:datafield>
   <marc:datafield ind1=" " ind2=" " tag="653">
      <marc:subfield code="a">Psychologie</marc:subfield>
   </marc:datafield>
   <marc:datafield ind1=" " ind2=" " tag="653">
      <marc:subfield code="a">Teamcoaching</marc:subfield>
   </marc:datafield>
   <marc:datafield ind1=" " ind2=" " tag="653">
      <marc:subfield code="a">Intervision</marc:subfield>
   </marc:datafield>
   <marc:datafield ind1=" " ind2=" " tag="653">
      <marc:subfield code="a">Wirtschaftspsychologie</marc:subfield>
   </marc:datafield>
   <marc:datafield ind1=" " ind2=" " tag="653">
      <marc:subfield code="a">Personalentwicklung</marc:subfield>
   </marc:datafield>
   <marc:datafield ind1=" " ind2=" " tag="653">
      <marc:subfield code="a">Supervision</marc:subfield>
   </marc:datafield>
   <marc:datafield ind1="0" ind2="0" tag="245">
      <marc:subfield code="a">Intervision</marc:subfield>
   </marc:datafield>
   <marc:datafield ind1="0" ind2="0" tag="245">
      <marc:subfield code="b">Kollegiales Coaching professionell gestalten</marc:subfield>
   </marc:datafield>
   <marc:datafield ind1="0" ind2="0" tag="245">
      <marc:subfield code="c">Eric D. Lippmann</marc:subfield>
   </marc:datafield>
   <marc:datafield ind1=" " ind2="1" tag="264">
      <marc:subfield code="a">Berlin Heidelberg</marc:subfield>
      <marc:subfield code="b">SpringerMedizin</marc:subfield>
      <marc:subfield code="c">2013</marc:subfield>
   </marc:datafield>
   <marc:datafield ind1=" " ind2=" " tag="250">
      <marc:subfield code="a">3. überarbeitete</marc:subfield>
   </marc:datafield>
   <marc:datafield ind1="1" ind2=" " tag="520">
      <marc:subfield code="a">Intervision ist eine spezielle Form des Gruppencoachings, in der sich Gruppen ohne externe Fachperson treffen, um ihre berufliche Arbeit zu reflektieren &#x96; ein Setting, das sich seit Jahren bewährt. Eric Lippmann, Psychologe und erfahrener Organisationsberater, liefert die Grundlagen für den Einstieg in die Praxis der Intervision &#x96; nun bereits in der dritten Auflage seines erfolgreichen Buches.##Intervision bietet Vorteile für die Beteiligten, denn sie fördert Kommunikations- und Problemlösefertigkeiten, beugt Burn-out vor, fördert Lernprozesse und Informationsaustausch u.v.m., aber auch für das Unternehmen, denn Intervision steigert die Qualität der Arbeit, ist kostengünstig und einfach umzusetzen.##Das Buch ist eine Schritt-für-Schritt-Anleitung: Wie führt man Intervision im Unternehmen ein und gestaltet die Gruppenarbeit professionell? Welche Methoden kann man einsetzen? Wie moderiert man Gruppen richtig? Für beratungsunerfahrene Führungskräfte bietet es durch ein 6-stufiges Grundmodell und ausführliche Beschreibungen der Methoden einen schnellen Einstieg. Professionelle Trainer, Coaches, Personalentwickler und Therapeuten finden einen gut strukturierten Methodenbaukasten.</marc:subfield>
   </marc:datafield>
   <marc:datafield ind1=" " ind2=" " tag="300">
      <marc:subfield code="a">200</marc:subfield>
   </marc:datafield>
</marc:record>
